Construction site security

In order to meet insurance requirements or earn incentives, construction companies must now put a security plan in place for every construction site. This comprehensive resource covers all the essentials of planning, prioritizing, and implementing construction site security.

محفوظ في:
التفاصيل البيبلوغرافية
المؤلف الرئيسي: Arata, Michael J.
التنسيق: كتاب
اللغة:Undetermined
منشور في: New York McGraw Hill 2006
الموضوعات:
الوسوم: إضافة وسم
لا توجد وسوم, كن أول من يضع وسما على هذه التسجيلة!
Thư viện lưu trữ: Trung tâm Học liệu Trường Đại học Cần Thơ
LEADER 00815nam a2200217Ia 4500
001 CTU_100440
008 210402s9999 xx 000 0 und d
020 |c 1279000 
082 |a 690.22 
082 |b A663 
100 |a Arata, Michael J. 
245 0 |a Construction site security 
245 0 |c Michael J. Arata 
260 |a New York 
260 |b McGraw Hill 
260 |c 2006 
520 |a In order to meet insurance requirements or earn incentives, construction companies must now put a security plan in place for every construction site. This comprehensive resource covers all the essentials of planning, prioritizing, and implementing construction site security. 
650 |a Safety engineering 
650 |x Construction 
904 |i Giang 
980 |a Trung tâm Học liệu Trường Đại học Cần Thơ